书目信息 |
| 题名: |
政治秩序的起源:从前人类时代到法国大革命
|
|
| 作者: | 福山 著 ;毛俊杰, 译 | |
| 分册: | ||
| 出版信息: | 桂林 广西师范大学出版社 2014.09 |
|
| 页数: | 548页 | |
| 开本: | 24cm | |
| 丛书名: | 理想国译丛 | |
| 单 册: | ||
| 中图分类: | D59 | |
| 科图分类: | ||
| 主题词: | 政治制度史--zheng zhi zhi du shi--世界 | |
| 电子资源: | ||
| ISBN: | 978-7-5495-5511-6 | |
| 000 | 01347nam 2200277 450 | |
| 001 | 0100015827 | |
| 005 | 20210329143812.39 | |
| 010 | @a978-7-5495-5511-6@b精装@dCNY88.00 | |
| 100 | @a20141017d2014 em y0chiy50 ea | |
| 101 | 1 | @achi@ceng |
| 102 | @aCN@b450000 | |
| 105 | @ay a 001yy | |
| 200 | 1 | @a政治秩序的起源:从前人类时代到法国大革命@Azheng zhi zhi xu de qi yuan:cong qian ren lei shi dai dao fa guo da ge ming@f(美) 弗朗西斯·福山著@d= The origins of political order@efrom prehuman times to the French revolution@fFrancis Fukuyama@g毛俊杰译@zeng |
| 210 | @a桂林@c广西师范大学出版社@d2014.09 | |
| 215 | @a548页@d24cm | |
| 225 | 2 | @a理想国译丛@Ali xiang guo yi cong@v005 |
| 320 | @a有书目 (第493-513页) 和索引 | |
| 330 | @a本书是福山的最新著作, 其笔触从史前时期一直延伸到现代, 作者通过挖掘人类学、考古学、生物学、进化心理学、历史学、经济学和政治学、国际关系理论, 建立了一个理解政治机构演化的框架。主要内容包括: 政治的必需、自然状态、表亲的专横等。 | |
| 410 | 0 | @12001 @a理想国译丛@v005 |
| 500 | 10 | @aOrigins of political order : from prehuman times to the French revolution@mChinese |
| 606 | 0 | @a政治制度史@Azheng zhi zhi du shi@y世界 |
| 690 | @aD59@v5 | |
| 701 | 1 | @a福山@Afu shan@g(Fukuyama, Francis)@4著 |
| 702 | 0 | @a毛俊杰,@Amao jun jie@f1952-@4译 |
| 801 | 0 | @aCN@c20201009 |
| 905 | @a河南城建学院图书馆@dD59@eF758@f3 | |
| 政治秩序的起源:从前人类时代到法国大革命/(美) 弗朗西斯·福山著= The origins of political order:from prehuman times to the French revolution/Francis Fukuyama/毛俊杰译.-桂林:广西师范大学出版社,2014.09 |
| 548页;24cm.-(理想国译丛;005) |
| ISBN 978-7-5495-5511-6(精装):CNY88.00 |
| 本书是福山的最新著作, 其笔触从史前时期一直延伸到现代, 作者通过挖掘人类学、考古学、生物学、进化心理学、历史学、经济学和政治学、国际关系理论, 建立了一个理解政治机构演化的框架。主要内容包括: 政治的必需、自然状态、表亲的专横等。 |
| ● |
| 相关链接 |
|
|
|
正题名:政治秩序的起源:从前人类时代到法国大革命
索取号:D59/F758
 
预约/预借
| 序号 | 登录号 | 条形码 | 馆藏地/架位号 | 状态 | 备注 |
| 1 | 1495080 | 214950800 | 社科库509/509社科库 71排6列3层/ [索取号:D59/F758] | 在馆 | |
| 2 | 1495081 | 214950819 | 社科库509/509社科库 71排6列3层/ [索取号:D59/F758] | 在馆 | |
| 3 | 1495082 | 214950828 | 社科库509/509社科库 71排6列3层/ [索取号:D59/F758] | 在馆 | |
| 4 | 1502494 | 215024943 | 生命科学与工程学院资料室/ [索取号:D59/F758] | 在馆 |